000 00886nas a2200277 4500
001 BR2010005923
003 BR-BrBNA
005 20231205114807.0
007 ta
008 230509b bl.|||p| |||| 00| 00por d
040 _aBR-BrBNA
_bpor
_cBiblioteca Nacional de Agricultura
041 _a(Pt)
072 _aP35; F61
100 1 _aViégas, I. de J.M.
100 1 _aMeireles, R. de O.
100 1 _aFrazão, D.A.C.
100 1 _aConceição, H.E.O. da
245 1 _aAvaliação da fertilidade de um latossolo amarelo textura média para o cultivo do açaizeiro no estado do Pará
650 _aAÇAÍ
650 _aFERTILIDADE DO SOLO
650 _aNUTRIENTE
650 _aPARÁ
773 0 _tRevista de Ciências Agrárias (Brazil)
_xISSN 1517-591X
_g(Jul-Dec 2009), (no. 52) p. 23-36
_wBR2010005923
909 _a202311
_bLúcia
_c55
_dLúcia Elande
942 _2AGRIS
_n0
_cANA
999 _c210521
_d210521